Fifth Discipline The Art And Practice Of The Learning Organization (Record no. 298084)

MARC details
000 -LEADER
fixed length control field 00439nam a2200157Ia 4500
008 - FIXED-LENGTH DATA ELEMENTS--GENERAL INFORMATION
fixed length control field 230718s9999 xx 000 0 und d
041 ## - LANGUAGE CODE
Language code of text/sound track or separate title eng
082 ## - DEWEY DECIMAL CLASSIFICATION NUMBER
Classification number 658.4
Item number SEN
100 ## - MAIN ENTRY--PERSONAL NAME
Personal name Senge M. P.
9 (RLIN) 142938
245 ## - TITLE STATEMENT
Title Fifth Discipline The Art And Practice Of The Learning Organization
260 ## - PUBLICATION, DISTRIBUTION, ETC. (IMPRINT)
Date of publication, distribution, etc. 1994
Name of publisher, distributor, etc. Currency
300 ## - PHYSICAL DESCRIPTION
Extent 420
365 ## - TRADE PRICE
Currency code Rs.
Price amount 820.55
700 ## - ADDED ENTRY--PERSONAL NAME
Personal name Senge M. P.
9 (RLIN) 142938
906 ## - LOCAL DATA ELEMENT F, LDF (RLIN)
d B:612418-Nov-1998
c MGMT
b 123.08
Holdings
Withdrawn status Lost status Damaged status Not for loan Home library Current library Date acquired Vendor Budget Code Cost, normal purchase price Bill number Total Checkouts Full call number Barcode Date last seen Date last checked out Discount Cost, replacement price Bill Date Koha item type Original Barcode
        Cummins College of Engineering for Women Pune Cummins College of Engineering for Women Pune 05/01/1999 Tbs MGMT 697.47 6124 1 658.4 CCEP-BK-9290 08/03/2024 22/02/2024 123.08 820.55 18/11/1998 Books 009290